000 01058nam a2200265 a 4500
001 000029761
003 DO-SdBNP
005 20231121095600.0
008 110425s1988 dr ab 000 0 spa d
040 _aDO-SdBNP
_bspa
_cBNPHU
082 4 _a305.097293
_bE56r
_222
100 1 _aEncarnación, Samuel
_956531
245 1 0 _aRealidad dominicana :
_bCompendio de informaciones estadísticas y análisis de la situación social, política, económica y cultural del país /
_cSamuel Encarnación, Vianela Díaz.
260 _aSanto Domingo :
_bTaller,
_c1988.
300 _a83 p. :
_bil., mapas ;
_c23 cm.
500 _aBibliografía: p. 81-83
504 _aIncluye referencias bibliográficas y notas al pie de las páginas.
590 _aInventariado, 2018/VM
651 4 _aRepública Dominicana
_xCondiciones sociales
_946
651 4 _aRepública Dominicana
_xCondiciones económicas
_9281
651 4 _aRepública Dominicana
_935550
_vEstadísticas
700 1 2 _aDíaz, Vianela
_92668
910 _aValidado. Control de calidad MFF
942 _2ddc
_cLBS1
999 _c29253
_d29253